| 000 | 01071nam a2200313 i 4500 | ||
|---|---|---|---|
| 999 |
_c200452487 _d70699 |
||
| 001 | 200452487 | ||
| 003 | TR-AnTOB | ||
| 005 | 20230313132320.0 | ||
| 008 | 110511s1976 tu 000 0 tur d | ||
| 035 | _a(TR-AnTOB)200452487 | ||
| 040 |
_aTR-AnTOB _beng _erda _cTR-AnTOB |
||
| 041 | 0 | _atur | |
| 050 | 1 | 4 |
_aHF5686.C7 _bC366 1976 |
| 090 |
_aHF5686.C7 _bC366 1976 |
||
| 100 | 1 |
_aCanoğlu, Mehmet Ali _eauthor _9141140 |
|
| 245 | 1 | 0 |
_aMuhasebe tekniği, ticaret hukuku ve vergi hukuku yönlerinden şirketler muhasebesi (ortaklıklar muhasebesi) / _cDr. Mehmet Ali Canoğlu. |
| 246 | 1 | 2 | _aŞirketler muhasebesi (ortaklıklar muhasebesi) |
| 264 | 1 |
_aİstanbul : _bMuhasebe Enstitüsü, _c1976. |
|
| 300 |
_axviii, 256 pages ; _c24 cm |
||
| 336 |
_2rdacontent _atext _btxt |
||
| 337 |
_2rdamedia _aunmediated _bn |
||
| 338 |
_2rdacarrier _avolume _bnc |
||
| 490 | 0 |
_aMuhasebe Enstitüsü Yayınlarından ; _vno 12 |
|
| 504 | _aBIB | ||
| 650 | 7 |
_aŞirketler _xMuhasebe _2etuturkob _93072 |
|
| 942 |
_2lcc _cBK |
||